Capital of Philippines Regions - Statistics

General Stats
  • This quiz has been taken 89 times
  • The average score is 7 of 17
Answer Stats
Administrative Region Designation Capital % Correct
National Capital Region NCR Manila
98%
Davao Region Region XI Davao City
67%
Central Visayas Region VII Cebu City
61%
Cordillera Administrative Region CAR Baguio
59%
Northern Mindanao Region X Cagayan de Oro
43%
Ilocos Region Region I San Fernando(La Union)
43%
Central Luzon Region III San Fernando(Pampanga)
43%
Western Visayas Region VI Iloilo City
41%
Cagayan Valley Region II Tuguegarao
39%
Bicol Region Region V Legazpi
37%
Eastern Visayas Region VIII Tacloban
35%
Calabarzon Region IV-A Calamba
33%
Bangsamoro BARMM Cotabato City
33%
Mimaropa Southwestern Tagalog Region Calapan
28%
Zamboanga Peninsula Region IX Pagadian
28%
Caraga Region XIII Butuan
26%
Soccsksargen Region XII Koronadal
24%
No matching quizzes found
Score Distribution
Percent of People with Each Score
Percentile by Number Answered
Your Score History
You have not taken this quiz